Gasification of the low grade fuels and industrial waste by the continuous wave laser radiation; Энерго-ресурсоэффективность в интересах устойчивого развития

Bibliographic Details
Parent link:Энерго-ресурсоэффективность в интересах устойчивого развития.— 2018.— [С. 109-110]
Main Author: Zaitsev A. S. Aleksandr Sergeevich
Corporate Authors: Национальный исследовательский Томский политехнический университет Инженерная школа энергетики Научно-образовательный центр И. Н. Бутакова (НОЦ И. Н. Бутакова), Национальный исследовательский Томский политехнический университет Исследовательская школа физики высокоэнергетических процессов
Other Authors: Egorov R. I. Roman Igorevich
Summary:Заглавие с экрана
Language:English
Published: 2018
Series:Экоэнергетика
Subjects:
Online Access:http://earchive.tpu.ru/handle/11683/52151
Format: MixedMaterials Electronic Book Chapter
KOHA link:https://koha.lib.tpu.ru/cgi-bin/koha/opac-detail.pl?biblionumber=628770

MARC

LEADER 00000naa2a2200000 4500
001 628770
005 20231226134403.0
035 |a (RuTPU)RU\TPU\conf\29044 
035 |a RU\TPU\conf\29043 
090 |a 628770 
100 |a 20181211d2018 k y0rusy50 ba 
101 0 |a eng 
102 |a RU 
105 |a y z 101zy 
135 |a drgn ---uucaa 
181 0 |a i  
182 0 |a b 
200 1 |a Gasification of the low grade fuels and industrial waste by the continuous wave laser radiation  |f A. S. Zaitsev, R. I. Egorov 
203 |a Текст  |c электронный 
225 1 |a Экоэнергетика 
300 |a Заглавие с экрана 
463 0 |0 (RuTPU)RU\TPU\conf\28968  |t Энерго-ресурсоэффективность в интересах устойчивого развития  |o сборник научных трудов международной научной конференции, г. Томск, 12–16 ноября 2018 г.  |f Национальный исследовательский Томский политехнический университет (ТПУ)  |v [С. 109-110]  |d 2018 
610 1 |a электронный ресурс 
610 1 |a труды учёных ТПУ 
610 1 |a газификация 
610 1 |a низкосортные топлива 
610 1 |a промышленные отходы 
610 1 |a лазерные излучения 
610 1 |a горючие отходы 
610 1 |a угли 
610 1 |a нефти 
610 1 |a переработка 
610 1 |a топливно-воздушные смеси 
610 1 |a энергоносители 
700 1 |a Zaitsev  |b A. S.  |c specialist in the field of heat and power engineering  |c Associate Professor, highly qualified worker of Tomsk Polytechnic University, Candidate of Physical and Mathematical Sciences  |f 1991-  |g Aleksandr Sergeevich  |3 (RuTPU)RU\TPU\pers\36040  |9 19177 
701 1 |a Egorov  |b R. I.  |c specialist in the field of heat and power engineering  |c Researcher of Tomsk Polytechnic University, candidate of physical and mathematical sciences  |f 1980-  |g Roman Igorevich  |3 (RuTPU)RU\TPU\pers\36601  |9 19642 
712 0 2 |a Национальный исследовательский Томский политехнический университет  |b Инженерная школа энергетики  |b Научно-образовательный центр И. Н. Бутакова (НОЦ И. Н. Бутакова)  |3 (RuTPU)RU\TPU\col\23504 
712 0 2 |a Национальный исследовательский Томский политехнический университет  |b Исследовательская школа физики высокоэнергетических процессов  |c (2017- )  |3 (RuTPU)RU\TPU\col\23551 
801 2 |a RU  |b 63413507  |c 20181218  |g RCR 
856 4 |u http://earchive.tpu.ru/handle/11683/52151 
942 |c BK